| LEADER |
01515nlm0a2200301 450 |
| 001 |
16867984 |
| 100 |
|
|
|a 20160407d2005 u u0frey01 ba
|
| 101 |
1 |
|
|a fre
|c fre
|
| 102 |
|
|
|a US
|
| 200 |
0 |
|
|a A nous quatre
|d The Parent Trap
|f Nancy Meyers, réal.
|g Erich Kastner, adapt. - David Swift, Nancy Meyers, Charles Shyer, scénario - Alan Silvestri, comp. - Lindsay Lohan, Dennis Quaid, Natasha Richardson, Elaine Hendrix, Lisa Ann Walter, ... [et al.] act.
|
| 207 |
|
1 |
|a
|
| 210 |
|
|
|a Etats- Unis
|c The Walt Disney Company
|d 2005
|
| 215 |
|
|
|a 1 DVD vidéo monoface zone 2 (2 h 02 min)
|c 16/9, coul. (PAL), son. (Dolby digital 5.1)
|
| 300 |
|
|
|a Langues principales : anglais, français, italien, tchèque; Sous-Titres : français, polonais, portugais, hébreu
|
| 330 |
|
|
|a Hallie Parker et Annie James se ressemblent étrangement ! Lors de leur première rencontre dans un centre de vacances, elles doivent rapidement se rendre à l'évidence qu'elles sont de véritables soeurs jumelles séparées à leur naissance...
|
| 700 |
|
0 |
|a Meyers
|b Nancy
|4 370
|
| 702 |
|
0 |
|a Kastner
|b Erich
|4 100
|
| 702 |
|
0 |
|a Swift
|b David
|4 690
|
| 702 |
|
0 |
|a Shyer
|b Charles
|4 690
|
| 702 |
|
0 |
|a Silvestri
|b Alan
|4 230
|
| 702 |
|
0 |
|a Lohan
|b Lindsay
|4 5
|
| 702 |
|
0 |
|a Quaid
|b Dennis
|4 5
|
| 702 |
|
0 |
|a Richardson
|b Natasha
|4 5
|
| 702 |
|
0 |
|a Hendrix
|b Elaine
|4 5
|
| 702 |
|
0 |
|a Walter
|b Lisa Ann
|4 5
|
| 900 |
|
|
|a Roman (enfants)
|
| 901 |
|
|
|a Jeunesse
|
| 995 |
|
|
|a Médiathèque
|c Médiathèque
|f 00156010227221
|h 00156010227221
|k E MEY
|o p
|q j
|r gf
|e Médiathèque
|